000 00314nam a2200109Ia 4500
008 220204s9999 xx 000 0 und d
082 _a82-3
_bLUD
100 _aLudlum, Robert
245 0 _aGemini contenders
700 _aLudlum, Robert
942 _cBK
999 _c30404
_d30404